| 000 | 00929nam a2200241 a 4500 | ||
|---|---|---|---|
| 001 | 52852 | ||
| 003 | BD-RjUL | ||
| 005 | 20211209075853.0 | ||
| 008 | 160928r2010 bg a|||| b||| 000 0 ben d | ||
| 020 |
_a9840748459 _c: Tk. 330.00 |
||
| 035 | _a(BD-RjUL)52972 | ||
| 040 |
_aBD-RjUL _bben _cBD-RjUL _dBD-RjUL |
||
| 041 | _aben | ||
| 082 |
_223 _a590 _bSAT 2010 |
||
| 100 | 1 |
_aসরকার, উত্তম কুমার _9147154 |
|
| 245 | 1 |
_aতুলনামূলক প্রাণীবিজ্ঞান / _cউত্তম কুমার সরকার |
|
| 260 |
_aঢাকা : _bবাংলা একডেমী, _c২০১০ [১৪১৭]. |
||
| 300 |
_a[৬] ৩২৭ পৃ. : _bচিত্র. ; _c২৩ সেমি. |
||
| 504 | _aগ্রন্থপঞ্জি সংযুক্ত | ||
| 650 |
_aপ্রাণীবিদ্যা _9158048 |
||
| 650 |
_aZoology _9158049 |
||
| 942 |
_2ddc _cBK |
||
| 999 |
_c52852 _d52852 |
||